006620000a22002050004500090001300000100004700013700003400060245012600094044001300220041001400233690001800247690002300265690002800288690002400316690002900340653002200369942001300391773003500404999001700439 aSERIADAS1 aNúñez Avellaneda, Luis Alberto91007071 aRojas Robles, Rosario910020510aBiología reproductiva y ecología de la polinización de la palma milpesos Oenocarpus bataua en los Andes colombianos aColombia0 aEspañol aPalmas992981 aFenología992807 aBiología floral98184 aPolinizadores98182 aInfloresecencias9100708 eOenocarpus bataua cARTICULO1 tCaldasiah1q101-125d2008g30 c16379d16379